| 000 | 00679nam a2200241Ia 4500 | ||
|---|---|---|---|
| 005 | 20240426131525.0 | ||
| 008 | 131103s9999 xx 000 0 und d | ||
| 020 |
_a818743378 _cRs.150.00 |
||
| 040 | _aLoreto College | ||
| 041 | _aEnglish | ||
| 082 |
_a371.3 _bSAF |
||
| 100 | _aSafaya, R.N. | ||
| 245 |
_aModern School Administration and Organization _cR.N. Safaya and B.D. Shaida |
||
| 260 |
_aNew Delhi _bDhanpat Rai Publishing _c2008 |
||
| 300 | _a340p. | ||
| 504 | _aIncludes bibliographical references | ||
| 630 | _aSchool administration | ||
| 650 | _aSchool organization | ||
| 651 | _aEducation | ||
| 700 | _aShaida, B.D. | ||
| 850 | _aLCBED | ||
| 942 | _cBK | ||
| 999 |
_c36476 _d86955 |
||